| 000 | 01576cam a2200373 i 4500 | ||
|---|---|---|---|
| 001 | 25732 | ||
| 003 | Mx-PuUPA | ||
| 005 | 20250605101942.0 | ||
| 008 | 140415s2024 mx a gr 001 0 spa d | ||
| 020 | _a9684536003 | ||
| 040 |
_cMx-PuUPA _aMx-PuUPA _bspa _dMx-PuUPA _erda |
||
| 041 | 0 | _aspa | |
| 043 | _an-mx--- | ||
| 245 | 1 | 0 |
_aSalud sexual y reproductiva : _batención por violencia o abuso sexual a favor de la niña y mujer / _ccoordinador editorial, Agustín Herrera Fragoso ; Enrique Mendoza Carrera, José Manuel Madrazo Cabo, Sebastián Haddad Ríos, María de la Luz Casas Martínez [y otros ocho], autores |
| 250 | _aPrimera edición | ||
| 264 | 1 |
_aCiudad de México : _bEditores de Textos Mexicanos, _c©2024 |
|
| 300 |
_aix, 121 páginas : _btablas ; _c23 cm |
||
| 336 |
_2rdacontent _atexto _btxt |
||
| 337 |
_2rdamedia _asin medio _bn |
||
| 338 |
_2rdacarrier _avolumen _bnc |
||
| 650 | 7 |
_2armarc _aMujeres víctimas de abuso sexual _zMéxico |
|
| 650 | 7 |
_2armarc _aAbuso sexual infantil _xPrevención |
|
| 650 | 7 |
_2armarc _aSalud reproductiva |
|
| 650 | 7 |
_2armarc _aVíctimas de abuso sexual _xPrevención |
|
| 700 | 1 |
_aHerrera Fragoso, Agustín _eeditor _eautor |
|
| 700 | 1 |
_aMendoza Carrera, Enrique, _eautor |
|
| 700 | 1 |
_aMadrazo Cobo, José Manuel, _eautor |
|
| 700 | 1 |
_aHaddad Ríos, Sebastián, _eautor |
|
| 700 | 1 |
_aCasas Martínez, María de la Luz, _eautor |
|
| 942 |
_2ddc _cLI _h306.70972 _iS55 |
||
| 999 |
_c25732 _d25732 |
||